000 00537nam a2200097Ia 4500
008 170517s9999 xx 000 0 und d
245 _aBlood and Guts: A History of Surgery
300 _aDocumentary series looking at the brutal, bloody and dangerous history of surgery. Michael Mosley recounts the history of surgery through its catastrophes and successes. 1. Into the Brain. Just over 100 years ago, cutting into the brain was a...
650 _xTechnology.
856 _uhttp://topdocumentaryfilms.com/blood-and-guts-a-history-of-surgery/
999 _c335016
_d335016